header

Correlations & fluctuations in QCD (Record no. 138267)

MARC details
000 -LEADER
fixed length control field 01791nam a2200373Ia 4500
245 10 - TITLE STATEMENT
Title Correlations & fluctuations in QCD
260 ## - PUBLICATION, DISTRIBUTION, ETC. (IMPRINT)
Place of publication New Jersey :
Name of publisher World Scientific,
Year of publication c2003.
300 ## - PHYSICAL DESCRIPTION
Number of Pages xii, 408 p. :
Other physical details ill.
650 #0 - SUBJECT ADDED ENTRY--TOPICAL TERM
Topical Term Particles (Nuclear physics)
Topical Term Pairing correlations (Nuclear physics)
Topical Term Fluctuations (Physics)
Topical Term Nuclear fragmentation
Topical Term Quantum chromodynamics
700 1# - ADDED ENTRY--PERSONAL NAME
Personal name Antoniou, N. G.
Personal name Diakonos, F. K.
Personal name Ktorides, C. N.
856 40 - ELECTRONIC LOCATION AND ACCESS
Uniform Resource Identifier http://site.ebrary.com/lib/rucke/Doc?id=10174035

No items available.

© 2026 Rongo University
Contact us: librarian | system librarian | Rongo university